000 00901nas a2200277Ia 4500
001 A05/R048-50566
003 IT-MiCISF
008 161014c99999999xx |||||||||||| ||und||
040 _aIT-MiCISF
_cIT-MiCISF
041 _aITALIANO
100 _aInguglia Cristiano
210 _aEtà evolutiva
222 _aEtà evolutiva
245 0 _aLa relazione fra atteggiamenti etnici e processi di identificazione in bambini di un gruppo minoritario
250 _a1a ed.
260 _c2011
501 _bCISF - Centro Internazionale Studi Famiglia - Via Giotto, 36 20145 MILANO (non commercial uses only)
_cCopyright 2016
300 _app. 83-92
362 _an. 92, febbraio [2011]
500 _a Tema: infanzia, famiglia-migranti, rapporti-sociali
650 _aetà evolutiva
_varticolo
700 _a Lo Coco Alida
700 _a Pace Ugo
942 _cCR
957 _71
999 _a50566
_bSi
_g1
_c247630
_d247630